00580nam a22002057a 450000500170000000800410001702000180005804000210007604100080009708200150010524500600012025000120018026000330019230000090022565000250023470000310025970000290029070000280031970000270034720230822165429.0230822b ||||| |||| 00| 0 eng d a9789389865363 aIN-DiNCcIN-DiNC deng a306.6bSOC aSociology of religion/cby Moushumi Bordoloi and others a2nd ed. aDibrugarh:bBanalata,c2022. a88p. aSocial and religious aBordoloi, Moushumieauthor aDasgupta, Piyalieauthor aBorah, Priyankaeauthor aWeingken, Lawneauthor